K vymedzeniu pojmu verejné financie
Podstata verejných financií vo vedeckej literatúre a učebniciach. Verejné financie ako financie verejného sektora. Verejné financie ako financie subjektov verejnej správy. Rozdielne metodiky štatistického vykazovania verejných financií.
Na minha lista:
| Autor principal: | |
|---|---|
| Outros Autores: | |
| Formato: | Capítulo de Livro |
| Idioma: | eslovaco |
| Assuntos: | |
| Tags: |
Sem tags, seja o primeiro a adicionar uma tag!
|
MARC
| LEADER | 00000naa$a2200000$$$4500 | ||
|---|---|---|---|
| 001 | 0050407 | ||
| 005 | 20240502071559.5 | ||
| 041 | 0 | |a slo | |
| 044 | |a SK | ||
| 245 | 1 | 0 | |a K vymedzeniu pojmu verejné financie |c Jozef Sokira, Peter Baláži |
| 520 | |a Podstata verejných financií vo vedeckej literatúre a učebniciach. Verejné financie ako financie verejného sektora. Verejné financie ako financie subjektov verejnej správy. Rozdielne metodiky štatistického vykazovania verejných financií. | ||
| 610 | 2 | 0 | |a teórie ekonomické |
| 610 | 2 | 0 | |a veda ekonomická |
| 610 | 2 | 0 | |a pojmy |
| 610 | 2 | 0 | |a správa verejná |
| 610 | 2 | 0 | |a sektor verejný |
| 610 | 2 | 0 | |a financie verejné |
| 100 | 1 | |a Sokira, Jozef | |
| 700 | 1 | |a Baláži, Peter | |